<?xml version="1.0" encoding="UTF-8"?>
<record
    xmlns:xsi="http://www.w3.org/2001/XMLSchema-instance"
    xsi:schemaLocation="http://www.loc.gov/MARC21/slim http://www.loc.gov/standards/marcxml/schema/MARC21slim.xsd"
    xmlns="http://www.loc.gov/MARC21/slim">

  <leader>00762cam a22002291  4500</leader>
  <controlfield tag="001">he 68002094 </controlfield>
  <controlfield tag="003">DLC</controlfield>
  <controlfield tag="005">20260227111500.0</controlfield>
  <controlfield tag="008">861107s1966    is ac         000 0 hebo </controlfield>
  <datafield tag="010" ind1=" " ind2=" ">
    <subfield code="a">he 68002094 </subfield>
  </datafield>
  <datafield tag="035" ind1=" " ind2=" ">
    <subfield code="a">(OCoLC)14690102</subfield>
  </datafield>
  <datafield tag="040" ind1=" " ind2=" ">
    <subfield code="a">DLC</subfield>
    <subfield code="c">CU</subfield>
    <subfield code="d">DLC</subfield>
  </datafield>
  <datafield tag="042" ind1=" " ind2=" ">
    <subfield code="a">premarc</subfield>
  </datafield>
  <datafield tag="050" ind1="0" ind2="0">
    <subfield code="a">PR2893</subfield>
    <subfield code="b">.M416</subfield>
  </datafield>
  <datafield tag="100" ind1="1" ind2=" ">
    <subfield code="a">Mendilow, Adam Abraham,</subfield>
    <subfield code="d">1909-</subfield>
  </datafield>
  <datafield tag="245" ind1="1" ind2="0">
    <subfield code="a">She&#x1E33;spir,</subfield>
    <subfield code="b">&#x2BB;olamo &#x1E7F;i-yetsirato,</subfield>
    <subfield code="c">me-et A.A. Mendilov &#x1E7F;e-Alis Shalvi. [tirgem mi-ketav-yad: Shim&#x2BB;on Zandban&#x1E33;]</subfield>
  </datafield>
  <datafield tag="260" ind1=" " ind2=" ">
    <subfield code="a">[Tel-Aviv]</subfield>
    <subfield code="b">ha-&#x1E32;ibuts ha-Me&#x2BC;u&#x1E25;ad,</subfield>
    <subfield code="c">726 [1966]</subfield>
  </datafield>
  <datafield tag="300" ind1=" " ind2=" ">
    <subfield code="a">267 p.</subfield>
    <subfield code="b">illus., port.</subfield>
    <subfield code="c">23 cm.</subfield>
  </datafield>
  <datafield tag="500" ind1=" " ind2=" ">
    <subfield code="a">Added t.p.: Shakespeare, his world and his art.</subfield>
  </datafield>
  <datafield tag="600" ind1="1" ind2="0">
    <subfield code="a">Shakespeare, William,</subfield>
    <subfield code="d">1564-1616.</subfield>
  </datafield>
  <datafield tag="700" ind1="1" ind2=" ">
    <subfield code="a">Shalvi, Alice.</subfield>
  </datafield>
  <datafield tag="999" ind1=" " ind2=" ">
    <subfield code="c">33502</subfield>
    <subfield code="d">33502</subfield>
  </datafield>
</record>
